Labour justice : (Record no. 1430079)

MARC details
000 -LEADER
fixed length control field 01630nam a2200217Ia 4500
005 - DATE AND TIME OF LATEST TRANSACTION
control field 20250605145915.0
008 - FIXED-LENGTH DATA ELEMENTS--GENERAL INFORMATION
fixed length control field 008 250516s9999 xx 000 0 eng d
020 ## - INTERNATIONAL STANDARD BOOK NUMBER
International Standard Book Number 9781009445337
040 ## - CATALOGING SOURCE
Original cataloging agency SDCL
Language of cataloging eng
Transcribing agency SDCL
041 ## - LANGUAGE CODE
Language code of text/sound track or separate title eng
Source of code eng
084 ## - COLON CLASSIFICATION NUMBER
Classification number X:9:(Z2) R4
Assigning agency SDCL
100 ## - MAIN ENTRY--PERSONAL NAME
Personal name Routh, Supriya
9 (RLIN) 600385
245 #0 - TITLE STATEMENT
Title Labour justice :
Remainder of title A constitutional evaluation of labour law
260 ## - PUBLICATION, DISTRIBUTION, ETC.
Place of publication, distribution, etc. New Delhi :
Name of publisher, distributor, etc. Cambridge University Press,
Date of publication, distribution, etc. 2024.
300 ## - PHYSICAL DESCRIPTION
Extent xxv, 230p.
365 ## - TRADE PRICE
Price type code INR
Price amount 1195
520 ## - SUMMARY, ETC.
Summary, etc. This book argues that the imagination of the worker-citizen, inherent in citizens' constitutional duty to work, is the very foundation of constitutional citizenship and its social justice agenda. The design of social justice in the constitution takes labour as its core ideological and political commitment, seeking to treat workers fairly for their social contribution through work. Employing this constitutional design, this book evaluates the recently repealed labour law against the constitutional metric of social justice. Drawing on the components of social justice, the book evaluates the new labour law in its capacity to promote market-based distribution, respecting basic individual liberties; the complementary redistribution of public goods, upholding the principle of solidarity; and worker participation in decisions about the operation of the market and the state. In offering such evaluation, the book conceives of work in its wider social relationship in contrast to its narrower private exchange rationale.
650 ## - SUBJECT ADDED ENTRY--TOPICAL TERM
Topical term or geographic name entry element Labour law
650 ## - SUBJECT ADDED ENTRY--TOPICAL TERM
Topical term or geographic name entry element Business economics
942 ## - ADDED ENTRY ELEMENTS (KOHA)
Koha item type Textual
Source of classification or shelving scheme Colon Classification (CC)
Suppress in OPAC No
Holdings
Withdrawn status Lost status Source of classification or shelving scheme Damaged status Not for loan Home library Current library Date acquired Source of acquisition Inventory number Total Checkouts Full call number Barcode Date last seen Date last checked out Price effective from Koha item type
    Colon Classification (CC)     South Campus Library South Campus Library 2025-05-22 Shivam Book Service 120, 02/01/2025 1 X:9:(Z2) R4 SC1690976 2025-10-08 2025-10-01 2025-05-22 Textual
Copyright @ Delhi University Library System